[Event "Tatry op"]
[Site "Tatranske Zruby"]
[Date "2009.10.03"]
[Round "8"]
[White "Goga, Frantisek"]
[Black "Samokrutova, Olga"]
[Result "1-0"]
[WhiteElo "1984"]
[BlackElo "2169"]
[PlyCount "61"]
[EventDate "2009.09.27"]
[EventType "swiss"]
[EventRounds "9"]
[EventCountry "SVK"]
[SourceTitle "EXT 2011"]
[Source "ChessBase"]
[SourceDate "2010.11.26"]
[SourceVersion "1"]
[SourceVersionDate "2010.11.26"]
[SourceQuality "1"]

1. e4 e5 2. Nf3 Nc6 3. d4 exd4 4. Bc4 Bb4+ 5. c3 dxc3 6. bxc3 Bd6 7. 0-0 Qf6 8. Bb3 Nge7 9. e5 Nxe5 10. Nxe5 Qxe5 11. f4 Qc5+ 12. Kh1 0-0 13. Nd2 Qxc3 14. Rb1 Qf6 15. Ne4 Qh6 16. Rf3 Nf5 17. Rh3 Qg6 18. Bc2 h6 19. Rb5 Be7 20. Ng3 Nxg3+ 21. Rxg3 Qc6 22. Qd3 f5 23. Rxf5 Rxf5 24. Qxf5 Qf6 25. Qh7+ Kf7 26. Bg6+ Ke6 27. Qg8+ Kd6 28. Rd3+ Kc6 29. Qd5+ Kb6 30. Rb3+ Ka6 31. Qb5# 1-0